Normal view
MARC view
- Islam, Sobia.
Entry Personal Name
001 - CONTROL NUMBER
- control field: 24788
003 - CONTROL NUMBER IDENTIFIER
- control field: NUST
005 - DATE AND TIME OF LATEST TRANSACTION
- control field: 20191025120544.0
008 - FIXED-LENGTH DATA ELEMENTS
- fixed length control field: 191025|| aca||aabn | a|a d
040 ## - CATALOGING SOURCE
- Original cataloging agency: NUST
- Transcribing agency: NUST
100 ## - HEADING--PERSONAL NAME
- Personal name: Islam, Sobia.
670 ## - SOURCE DATA FOUND
- Source citation: Work cat.: (NUST): Islam, Sobia., Postnatal Hippocampal Development Along the Dorso-Ventral Axis in Rats /, 2010.
